Prólogos con un prólogo de prólogos

Salvato in:
Dettagli Bibliografici
Autore principale: Borges, Jorge Luis
Natura: Libro
Lingua:Undetermined
Pubblicazione: Madrid, España Editorial Alianza 1999
Soggetti:
Tags: Aggiungi Tag
Nessun Tag, puoi essere il primo ad aggiungerne!!

MARC

LEADER 00000nam a2200000Ia 4500
008 170316s9999 xx 000 0 und d
040 |a cru BVZT 
090 |a 860 B-32p 
100 |a Borges, Jorge Luis  |9 1174 
245 |a Prólogos con un prólogo de prólogos  |c / Jorge Luis Borges 
260 |a Madrid, España  |b Editorial Alianza  |c 1999 
300 |a 270 páginas 
650 |a LITERATURA LATINOAMERICANA  |9 15 
999 |c 8450  |d 8450 
942 |c 4 D  |h 860 B-32p  |2 z